<?xml version="1.0" encoding="UTF-8"?>
<record
    xmlns:xsi="http://www.w3.org/2001/XMLSchema-instance"
    xsi:schemaLocation="http://www.loc.gov/MARC21/slim http://www.loc.gov/standards/marcxml/schema/MARC21slim.xsd"
    xmlns="http://www.loc.gov/MARC21/slim">

  <leader>01922cam a22003131  4500</leader>
  <controlfield tag="001">gs 15000546 </controlfield>
  <controlfield tag="003">DLC</controlfield>
  <controlfield tag="005">20260227111318.0</controlfield>
  <controlfield tag="008">780411m18631886ii af    b   f000 0 eng c</controlfield>
  <datafield tag="010" ind1=" " ind2=" ">
    <subfield code="a">gs 15000546 </subfield>
  </datafield>
  <datafield tag="035" ind1=" " ind2=" ">
    <subfield code="a">(OCoLC)3793903</subfield>
  </datafield>
  <datafield tag="040" ind1=" " ind2=" ">
    <subfield code="a">U. S. Geological Survey, Library</subfield>
    <subfield code="c">GU</subfield>
    <subfield code="d">GU</subfield>
    <subfield code="d">DLC</subfield>
  </datafield>
  <datafield tag="042" ind1=" " ind2=" ">
    <subfield code="a">premarc</subfield>
  </datafield>
  <datafield tag="050" ind1="0" ind2="0">
    <subfield code="a">QE756.I4</subfield>
    <subfield code="b">A3 ser. 2, 11, 12</subfield>
  </datafield>
  <datafield tag="110" ind1="2" ind2=" ">
    <subfield code="a">Geological Survey of India.</subfield>
  </datafield>
  <datafield tag="245" ind1="1" ind2="0">
    <subfield code="a">... Fossil flora of the Gondwana system ...</subfield>
    <subfield code="c">by T. Oldham ... J. Morris ... [and] Ottokar Feistmantel ...</subfield>
  </datafield>
  <datafield tag="260" ind1=" " ind2=" ">
    <subfield code="a">Calcutta,</subfield>
    <subfield code="b">Geological Survey Office [etc., etc.]</subfield>
    <subfield code="c">1863-86.</subfield>
  </datafield>
  <datafield tag="300" ind1=" " ind2=" ">
    <subfield code="a">4 v.</subfield>
    <subfield code="b">illus., plates (part col., part fold.)</subfield>
    <subfield code="c">35 cm.</subfield>
  </datafield>
  <datafield tag="490" ind1="0" ind2=" ">
    <subfield code="a">Pal&#xE6;ontologia indica [ser. 2, 11, 12]</subfield>
  </datafield>
  <datafield tag="500" ind1=" " ind2=" ">
    <subfield code="a">At head of title: Memoirs of the Geological Survey of India.</subfield>
  </datafield>
  <datafield tag="500" ind1=" " ind2=" ">
    <subfield code="a">Only v. 1, pt. 1. is by T. Oldham and J. Morris, the rest is by O. Feistmantel.</subfield>
  </datafield>
  <datafield tag="504" ind1=" " ind2=" ">
    <subfield code="a">Contains bibliographies.</subfield>
  </datafield>
  <datafield tag="505" ind1="0" ind2=" ">
    <subfield code="a">v. 1. pt. 1. Fossil flora of the Rajmahal series in the Rajmahal hills. 1863. pt. 2. Jurassic (Liassic) flora of the Rajmahal group in the Rajmahal hills. 1877. pt. 3. Jurassic (Liassic) flora of the Rajmahal group from Golapili, near Ellore, South Godavari. 1877. pt. 4. Upper Gondwana flora of the outliers on the Madras coast. 1879.--v. 2. pt. 1. Jurassic (Oolitic) flora of Kach. 1876. pt. 2. Flora of the Jabalpur group (Upper Gondwanas) in theSon-Narbada region. 1877.--v. 3. pt. 1. The flora of the Talchir-Karharbari beds. 1879-81. pt. 2-3. The flora of the Damuda-Panchet divisions. 1880-81.--v. 4. pt. 1. The fossil flora of the South Rewah Gondw&#xE1;na basin. 1882. pt. 2. The fossil flora of some of the coalfields in western Bengal. 1886.</subfield>
  </datafield>
  <datafield tag="650" ind1=" " ind2="0">
    <subfield code="a">Paleobotany</subfield>
    <subfield code="z">India.</subfield>
  </datafield>
  <datafield tag="650" ind1=" " ind2="0">
    <subfield code="a">Paleobotany</subfield>
    <subfield code="y">Jurassic.</subfield>
  </datafield>
  <datafield tag="700" ind1="1" ind2=" ">
    <subfield code="a">Oldham, Thomas,</subfield>
    <subfield code="d">1816-1878.</subfield>
  </datafield>
  <datafield tag="700" ind1="1" ind2=" ">
    <subfield code="a">Morris, John,</subfield>
    <subfield code="d">1810-1886.</subfield>
  </datafield>
  <datafield tag="700" ind1="1" ind2=" ">
    <subfield code="a">Feistmantel, Ottokar, 1848-1891.</subfield>
  </datafield>
  <datafield tag="999" ind1=" " ind2=" ">
    <subfield code="c">25543</subfield>
    <subfield code="d">25543</subfield>
  </datafield>
</record>
